[Event "?"]
[Site "?"]
[Date "????.??.??"]
[Round "?"]
[White "Harestad, T."]
[Black "Gofshtein, L."]
[Result "0-1"]
[WhiteElo "2199"]
[BlackElo "2460"]
[PlyCount "74"]
[EventDate "2013.??.??"]
[WhiteTeam "Norwegen 1"]
[BlackTeam "Israel"]

1. d4 Nf6 2. c4 c5 3. d5 b5 4. cxb5 a6 5. bxa6 Bxa6 6. Nc3 g6 7. Nf3 d6 8. g3
Bg7 9. Bg2 Nbd7 10. O-O O-O 11. Re1 Qa5 12. Qc2 Nb6 13. Nd2 c4 14. Rd1 Bb7 15.
e4 Nfd7 16. Nf1 Nc5 17. Rb1 Nca4 18. Nxa4 Qxa4 19. Qxa4 Nxa4 20. Rd2 Nc5 21. a3
Nb3 22. Rc2 Nd4 23. Rd2 Ba6 24. Ne3 c3 25. bxc3 Ne2+ 26. Kh1 Nxc3 27. Rb3 Rfb8
28. Rdb2 Rc8 29. Bd2 Na4 30. Rb1 Nc5 31. Rb6 Bd3 32. R1b4 h5 33. h4 Rxa3 34. f3
Ra2 35. Bh3 Rf8 36. Be1 Ra1 37. Ng2 Bc3 0-1

[Event "?"]
[Site "?"]
[Date "????.??.??"]
[Round "?"]
[White "Tseitlin, M."]
[Black "Kristiansen, E."]
[Result "1-0"]
[WhiteElo "2388"]
[BlackElo "2219"]
[PlyCount "87"]
[EventDate "2013.??.??"]
[WhiteTeam "Israel"]
[BlackTeam "Norwegen 1"]

1. e4 e5 2. Nf3 Nc6 3. d4 exd4 4. Nxd4 g6 5. Nc3 Bg7 6. Be3 Nge7 7. Qd2 d5 8.
Nxc6 bxc6 9. Bd4 f6 10. O-O-O Be6 11. Qe3 Kf7 12. Bc5 Re8 13. Bc4 Qc8 14. Bxe7
dxc4 15. Ba3 Qa6 16. f4 Rab8 17. Qf3 f5 18. e5 Bf8 19. Bxf8 Rxf8 20. Rd2 Qb6
21. Nd1 Qa5 22. a3 Rxb2 23. Nxb2 c3 24. Rd3 Qxa3 25. Rxc3 Qa1+ 26. Kd2 Qxh1 27.
Rxc6 Rd8+ 28. Nd3 Bd5 29. Rf6+ Kg7 30. Qe3 Qxg2+ 31. Kc3 Re8 32. Qxa7 Ra8 33.
Qxc7+ Kh6 34. Qc5 Qh1 35. Rf8 Ra4 36. Qf2 Rc4+ 37. Kb2 Rc7 38. Rb8 Rd7 39. Rb6
Bf7 40. Rb3 Bd5 41. Rb6 Be4 42. Nc5 Bxc2 43. Qh4+ Kg7 44. Qh6+ 1-0

[Event "?"]
[Site "?"]
[Date "????.??.??"]
[Round "?"]
[White "Ofstad, P."]
[Black "Birnboim, N."]
[Result "1-0"]
[WhiteElo "2173"]
[BlackElo "2356"]
[PlyCount "81"]
[EventDate "2013.??.??"]
[WhiteTeam "Norwegen 1"]
[BlackTeam "Israel"]

1. e4 e6 2. d4 d5 3. Nd2 Nd7 4. Ngf3 Ne7 5. c3 c5 6. Be2 cxd4 7. Nxd4 Nc5 8.
Qc2 Bd7 9. O-O Rc8 10. Re1 dxe4 11. Nxe4 Nc6 12. Be3 Nxe4 13. Qxe4 Nxd4 14.
Bxd4 Bc6 15. Qe3 a6 16. Bh5 Bd5 17. Qf4 Qd7 18. Rad1 Rg8 19. b3 g6 20. Bf3 Bxf3
21. Qxf3 Qc6 22. Qh3 h5 23. Re2 Rd8 24. Red2 Qe4 25. Qe3 Qxe3 26. Bxe3 Rxd2 27.
Rxd2 Be7 28. Kf1 g5 29. h3 g4 30. Bf4 gxh3 31. gxh3 Bg5 32. Rd4 Bxf4 33. Rxf4
Rg5 34. Rb4 b5 35. a4 Rc5 36. axb5 axb5 37. c4 bxc4 38. Rxc4 Rxc4 39. bxc4 Kd7
40. Kg2 f5 41. Kg3 1-0

[Event "?"]
[Site "?"]
[Date "????.??.??"]
[Round "?"]
[White "Maryasin, B."]
[Black "Steedman, J."]
[Result "1-0"]
[WhiteElo "2335"]
[BlackElo "2123"]
[PlyCount "78"]
[EventDate "2013.??.??"]
[WhiteTeam "Israel"]
[BlackTeam "Norwegen 1"]

1. e4 c5 2. Nf3 Nc6 3. d4 cxd4 4. Nxd4 g6 5. Nc3 Bg7 6. Nb3 Nf6 7. Be2 O-O 8.
O-O d6 9. Bg5 a5 10. a4 Be6 11. f4 Nb4 12. Kh1 Rc8 13. Bf3 Qb6 14. Nd4 Bc4 15.
Re1 Nd7 16. Ndb5 Rfe8 17. e5 f6 18. exf6 Nxf6 19. Qd2 Rcd8 20. Bh4 Rd7 21. Bf2
Qd8 22. Rad1 Bf7 23. g4 h6 24. g5 hxg5 25. fxg5 Nh7 26. Bg4 e6 27. h4 d5 28.
Ne4 b6 29. Bg3 Nf8 30. Ned6 Ree7 31. Re2 Qa8 32. Rf1 Qc6 33. c3 Na6 34. Ref2
Nc5 35. Qc2 Ne4 36. Nxe4 dxe4 37. Kg2 Rd3 38. Bh2 e5 39. Be2 Rh3 1-0

[Event "?"]
[Site "?"]
[Date "????.??.??"]
[Round "?"]
[White "Uhlmann, W."]
[Black "Weiß, W."]
[Result "1-0"]
[WhiteElo "2340"]
[BlackElo "2189"]
[PlyCount "71"]
[EventDate "2013.??.??"]
[WhiteTeam "Deutschland A"]
[BlackTeam "BSW/DBAG 1"]

1. c4 g6 2. e4 Bg7 3. d4 d6 4. Nc3 c6 5. Be2 e5 6. Nf3 Bg4 7. Be3 Bxf3 8. Bxf3
Bh6 9. Bxh6 Nxh6 10. Qd2 Ng8 11. O-O-O Na6 12. g4 Qe7 13. d5 O-O-O 14. h4 Kb8
15. dxc6 bxc6 16. Na4 Nf6 17. g5 Nh5 18. Bxh5 gxh5 19. Rh3 Nc5 20. Ra3 Nxa4 21.
Rxa4 f6 22. gxf6 Qxf6 23. Qb4+ Ka8 24. Qb6 Qe7 25. Qxc6+ Qb7 26. Ra6 Rhf8 27.
Qxb7+ Kxb7 28. Raxd6 Rxd6 29. Rxd6 Rxf2 30. Rh6 Rf4 31. Rxh5 Rxe4 32. b3 Re2
33. Rxh7+ Kb6 34. Re7 a5 35. a4 Kc5 36. Kd1 1-0

[Event "?"]
[Site "?"]
[Date "????.??.??"]
[Round "?"]
[White "Kugelmann, W."]
[Black "Schulze, U."]
[Result "1/2-1/2"]
[WhiteElo "2143"]
[BlackElo "2316"]
[PlyCount "41"]
[EventDate "2013.??.??"]
[WhiteTeam "BSW/DBAG 1"]
[BlackTeam "Deutschland A"]

1. e4 c6 2. d4 d5 3. e5 Bf5 4. h4 h5 5. c4 e6 6. Nc3 Ne7 7. Bg5 dxc4 8. Bxc4
Nd7 9. Nge2 f6 10. exf6 gxf6 11. Be3 Nb6 12. Bd3 Bxd3 13. Qxd3 Qd7 14. Nf4 Nbd5
15. Ne4 O-O-O 16. O-O-O Nxf4 17. Bxf4 Nd5 18. Bg3 Nb4 19. Qb3 Qd5 20. Qxd5 cxd5
21. Nc3 1/2-1/2

[Event "?"]
[Site "?"]
[Date "????.??.??"]
[Round "?"]
[White "Haakert, J."]
[Black "Boehm, E."]
[Result "1/2-1/2"]
[WhiteElo "2385"]
[BlackElo "2221"]
[PlyCount "62"]
[EventDate "2013.??.??"]
[WhiteTeam "Deutschland A"]
[BlackTeam "BSW/DBAG 1"]

1. g3 g6 2. Bg2 Bg7 3. c4 e5 4. Nc3 f5 5. e3 d6 6. Nge2 Nf6 7. O-O O-O 8. b3
Nh5 9. f4 c6 10. Ba3 Re8 11. Rc1 Be6 12. d3 exf4 13. gxf4 d5 14. cxd5 Bxd5 15.
Nxd5 cxd5 16. e4 Qa5 17. Bc5 Na6 18. b4 Qxa2 19. Rc2 Qb3 20. exf5 Nxc5 21. bxc5
Rad8 22. fxg6 hxg6 23. f5 Re3 24. fxg6 Rxd3 25. Rd2 Qxd1 26. Rfxd1 Rxd2 27.
Rxd2 Bf8 28. Rxd5 Rxd5 29. Bxd5+ Kg7 30. c6 bxc6 31. Bxc6 Kxg6 1/2-1/2

[Event "?"]
[Site "?"]
[Date "????.??.??"]
[Round "?"]
[White "Hollstein, J."]
[Black "Ackermann, H."]
[Result "1/2-1/2"]
[WhiteElo "2067"]
[BlackElo "2308"]
[PlyCount "39"]
[EventDate "2013.??.??"]
[WhiteTeam "BSW/DBAG 1"]
[BlackTeam "Deutschland A"]

1. d4 Nf6 2. Nf3 c5 3. e3 e6 4. c3 a6 5. Bd3 Nc6 6. Nbd2 d6 7. O-O Qc7 8. Re1
Be7 9. a4 e5 10. h3 b6 11. b3 Bb7 12. Bb2 O-O 13. Rc1 Rfe8 14. e4 exd4 15. cxd4
Nd7 16. Nc4 Nb4 17. Bb1 Rad8 18. Qd2 Qb8 19. Ne3 Nc6 20. Nd5 1/2-1/2

[Event "?"]
[Site "?"]
[Date "????.??.??"]
[Round "?"]
[White "Holst, P."]
[Black "Shushpanov, V."]
[Result "0-1"]
[WhiteElo "2118"]
[BlackElo "2308"]
[PlyCount "40"]
[EventDate "2013.??.??"]
[WhiteTeam "Norresundby"]
[BlackTeam "Sankt Petersburg"]

1. d4 d5 2. c4 dxc4 3. Nf3 a6 4. e3 Bg4 5. Bxc4 e6 6. Nc3 Nf6 7. h3 Bh5 8. g4
Bg6 9. Ne5 Nbd7 10. Nxg6 hxg6 11. Qf3 c6 12. Bb3 Bb4 13. O-O Qc7 14. e4 O-O 15.
Bg5 c5 16. d5 c4 17. dxe6 Ne5 18. Qf4 Bxc3 19. bxc3 cxb3 20. Bxf6 gxf6 0-1

[Event "?"]
[Site "?"]
[Date "????.??.??"]
[Round "?"]
[White "Turikov, V."]
[Black "Grevlund, P."]
[Result "0-1"]
[WhiteElo "2266"]
[BlackElo "1952"]
[PlyCount "178"]
[EventDate "2013.??.??"]
[WhiteTeam "Sankt Petersburg"]
[BlackTeam "Norresundby"]

1. e4 c6 2. d3 d5 3. Nd2 e5 4. Ngf3 Bd6 5. g3 Nf6 6. Bg2 Bg4 7. h3 Bh5 8. O-O
Nbd7 9. Re1 O-O 10. c3 Re8 11. Qc2 h6 12. Nh4 Nb6 13. Nf1 Bc7 14. Ne3 a5 15.
Nef5 a4 16. Bxh6 gxh6 17. Qc1 Re6 18. Qxh6 Qf8 19. Qg5+ Kh7 20. g4 Bg6 21. Nf3
dxe4 22. dxe4 Bd8 23. Qe3 Nfd7 24. Rad1 Bxf5 25. exf5 Rd6 26. Nxe5 Nxe5 27.
Qxe5 Rxd1 28. Rxd1 Qe7 29. Qd4 Bc7 30. Be4 Re8 31. Bd3 f6 32. g5 Qe5 33. Qxe5
Bxe5 34. h4 Rd8 35. b3 axb3 36. axb3 Bxc3 37. Kg2 Nd5 38. Kf3 Nb4 39. Be2 Rxd1
40. Bxd1 Kg7 41. Be2 Bd2 42. Kg4 b5 43. f4 Nc2 44. h5 Nd4 45. h6+ Kh7 46. Bd1
c5 47. Kh5 c4 48. bxc4 bxc4 49. gxf6 Bxf4 50. f7 Bxh6 51. f6 c3 52. Ba4 c2 53.
Bxc2+ Nxc2 54. f8=Q Bxf8 55. f7 Kg7 56. Kg5 Kxf7 57. Kf5 Bg7 58. Kg5 Bf6+ 59.
Kf5 Nd4+ 60. Ke4 Ke6 61. Kf4 Nc6 62. Ke4 Be5 63. Kf3 Kf5 64. Ke3 Nb4 65. Kf3
Bf4 66. Ke2 Kg4 67. Kf2 Bc1 68. Kg2 Be3 69. Kh2 Bf4+ 70. Kg2 Bg3 71. Kf1 Kf3
72. Kg1 Nd3 73. Kh1 Nf2+ 74. Kg1 Bf4 75. Kf1 Bh2 76. Ke1 Ne4 77. Kf1 Nd2+ 78.
Ke1 Ke3 79. Kd1 Kd3 80. Ke1 Bg3+ 81. Kd1 Nc4 82. Kc1 Bf2 83. Kd1 Nb2+ 84. Kc1
Kc3 85. Kb1 Kb3 86. Ka1 Nc4 87. Kb1 Be3 88. Ka1 Bd2 89. Kb1 Na3+ 0-1

[Event "?"]
[Site "?"]
[Date "????.??.??"]
[Round "?"]
[White "Beltz, R."]
[Black "Sloth, J."]
[Result "1/2-1/2"]
[WhiteElo "2152"]
[BlackElo "2342"]
[PlyCount "120"]
[EventDate "2013.??.??"]
[WhiteTeam "SF Leipzig"]
[BlackTeam "Dänemark 1"]

1. Nf3 e6 2. c4 b6 3. g3 Bb7 4. Bg2 Nf6 5. O-O g6 6. b3 Bg7 7. Bb2 O-O 8. d4 d5
9. Nbd2 Na6 10. a3 c5 11. e3 Qe7 12. Rc1 Rfd8 13. Qc2 Rac8 14. Qb1 cxd4 15.
Nxd4 dxc4 16. Nxc4 Bxg2 17. Kxg2 Qb7+ 18. Kg1 Nc5 19. b4 Nce4 20. f3 Rxc4 21.
Rxc4 Nd2 22. Qd3 Nxc4 23. Qxc4 Rc8 24. Qb3 Qd5 25. e4 Qxb3 26. Nxb3 Rc2 27. Be5
Nd7 28. Bxg7 Kxg7 29. Rc1 Rxc1+ 30. Nxc1 Kf6 31. Kf2 b5 32. Ne2 Ke5 33. Nc3 a6
34. Ke3 Nb6 35. f4+ Kd6 36. e5+ Kc6 37. Kd4 h6 38. Ne4 Nd7 39. h3 Kc7 40. g4
Kc6 41. Nd6 f5 42. Nf7 Nb6 43. gxf5 gxf5 44. Nxh6 Nd5 45. Ng8 Nxf4 46. h4 Kd7
47. Nf6+ Ke7 48. h5 Kf7 49. Kc5 Nd3+ 50. Kd6 Nb2 51. Kc5 Nc4 52. Nd7 f4 53. Kd4
f3 54. Kd3 Nxa3 55. Nc5 Nc4 56. Nxa6 Nxe5+ 57. Ke3 Kg7 58. Nc7 Kh6 59. Nxb5 Nc6
60. Nc7 Nxb4 1/2-1/2

[Event "?"]
[Site "?"]
[Date "????.??.??"]
[Round "?"]
[White "Kolbak, J."]
[Black "Prüfer, F."]
[Result "1/2-1/2"]
[WhiteElo "2280"]
[BlackElo "2155"]
[PlyCount "63"]
[EventDate "2013.??.??"]
[WhiteTeam "Dänemark 1"]
[BlackTeam "SF Leipzig"]

1. d4 Nf6 2. Nf3 g6 3. c4 Bg7 4. Nc3 d5 5. cxd5 Nxd5 6. e3 O-O 7. Bc4 Nxc3 8.
bxc3 c5 9. O-O Qc7 10. Bb3 b6 11. e4 Nc6 12. Be3 Na5 13. Qd2 Ba6 14. Rfe1 Nc4
15. Bxc4 Bxc4 16. Bf4 Qd7 17. Bh6 Rad8 18. Bxg7 Kxg7 19. a4 Qd6 20. Qe3 e6 21.
h4 h5 22. a5 cxd4 23. cxd4 b5 24. Red1 Qe7 25. Rd2 Rd6 26. Qf4 f6 27. Qe3 Rfd8
28. Rad1 Ra6 29. Qc3 Qb7 30. Re1 Qc7 31. Ra1 Qb7 32. Re1 1/2-1/2

[Event "?"]
[Site "?"]
[Date "????.??.??"]
[Round "?"]
[White "Weber, B."]
[Black "Rosenlund, T."]
[Result "0-1"]
[WhiteElo "2155"]
[BlackElo "2263"]
[PlyCount "162"]
[EventDate "2013.??.??"]
[WhiteTeam "SF Leipzig"]
[BlackTeam "Dänemark 1"]

1. d4 Nf6 2. Nf3 g6 3. c4 Bg7 4. Nc3 O-O 5. e4 c5 6. d5 d6 7. Bd3 a6 8. a4 e5
9. dxe6 fxe6 10. Bg5 Nc6 11. O-O b6 12. Qd2 Ra7 13. Rad1 Nd4 14. Nxd4 cxd4 15.
Ne2 e5 16. Ng3 Qe8 17. Qb4 Qc6 18. Qa3 a5 19. b3 Ne8 20. Qc1 Nc7 21. f4 h6 22.
f5 hxg5 23. Qxg5 Ne8 24. fxg6 Nf6 25. h4 Qb7 26. h5 Qe7 27. h6 Nd5 28. Rxf8+
Bxf8 29. Qxe7 Nxe7 30. g7 Bxg7 31. hxg7 Bg4 32. Rf1 Kxg7 33. Nf5+ Nxf5 34. exf5
Kf6 35. Kh2 Rg7 36. Rf2 Bd1 37. Rb2 Rg4 38. Kh3 e4 39. Rb1 exd3 40. Rxd1 Re4
41. Rxd3 Kxf5 42. Kg3 Ke5 43. Kf3 Re1 44. Rd2 Re3+ 45. Kf2 Rxb3 46. Re2+ Kf5
47. g4+ Kxg4 48. Re4+ Kf5 49. Rxd4 Ke5 50. Rd5+ Ke6 51. Ke2 Rb4 52. Kd3 Rxa4
53. Kc3 Rb4 54. Rh5 Kd7 55. Rg5 Kc6 56. Rh5 Rb1 57. Kc2 Re1 58. Kc3 Re5 59. Rh4
Kc5 60. Rh3 d5 61. cxd5 Kxd5 62. Kb3 Kc5 63. Rc3+ Kb5 64. Ka3 a4 65. Rh3 Ka5
66. Rh4 b5 67. Rg4 b4+ 68. Kb2 Re2+ 69. Kb1 a3 70. Rg1 Ka4 71. Rh1 Re7 72. Ka1
Rc7 73. Rg1 Rc6 74. Rh1 Rc4 75. Rg1 b3 76. Rh1 b2+ 77. Ka2 Rc1 78. Rh4+ Kb5 79.
Rh5+ Kc6 80. Rh6+ Kd5 81. Rh5+ Kd4 0-1

[Event "?"]
[Site "?"]
[Date "????.??.??"]
[Round "?"]
[White "Liebert, H."]
[Black "Donchenko, A."]
[Result "1/2-1/2"]
[WhiteElo "2224"]
[BlackElo "2353"]
[PlyCount "36"]
[EventDate "2013.??.??"]
[WhiteTeam "Sachsen-Anhalt"]
[BlackTeam "Hessen 1"]

1. c4 e6 2. Nf3 Nf6 3. g3 d5 4. Bg2 dxc4 5. Qa4+ Nbd7 6. Qxc4 a6 7. Qc2 c5 8.
O-O b5 9. b3 Bb7 10. Bb2 Be7 11. a4 O-O 12. axb5 axb5 13. Rxa8 Bxa8 14. Nc3 Qb6
15. Ra1 h6 16. d3 Rc8 17. e4 Bb7 18. Qe2 Ra8 1/2-1/2

[Event "?"]
[Site "?"]
[Date "????.??.??"]
[Round "?"]
[White "Klundt, K."]
[Black "Neukirch, D."]
[Result "1/2-1/2"]
[WhiteElo "2338"]
[BlackElo "2247"]
[PlyCount "57"]
[EventDate "2013.??.??"]
[WhiteTeam "Hessen 1"]
[BlackTeam "Sachsen-Anhalt"]

1. e4 c5 2. Nf3 e6 3. d4 cxd4 4. Nxd4 a6 5. Nc3 Qc7 6. g3 Nf6 7. Bg2 Bb4 8.
Nde2 O-O 9. O-O d6 10. h3 Nc6 11. g4 b5 12. Ng3 Bb7 13. g5 Nd7 14. f4 Bc5+ 15.
Kh2 b4 16. Nce2 Ne7 17. c4 bxc3 18. Nxc3 Nb6 19. f5 d5 20. f6 Ng6 21. Qg4 Bd6
22. Nce2 dxe4 23. Kh1 e3 24. fxg7 Bxg2+ 25. Kxg2 Qb7+ 26. Qe4 Qxe4+ 27. Nxe4
Rfd8 28. Bxe3 Nc4 29. Bg1 1/2-1/2

[Event "?"]
[Site "?"]
[Date "????.??.??"]
[Round "?"]
[White "Hamm, G."]
[Black "Isserman, R."]
[Result "1/2-1/2"]
[WhiteElo "2109"]
[BlackElo "2331"]
[PlyCount "85"]
[EventDate "2013.??.??"]
[WhiteTeam "Sachsen-Anhalt"]
[BlackTeam "Hessen 1"]

1. Nf3 d6 2. g3 Nf6 3. Bg2 g6 4. d3 Bg7 5. e4 c5 6. O-O O-O 7. Nbd2 Nc6 8. Re1
e5 9. Nf1 h6 10. c3 Re8 11. Ne3 b6 12. Bd2 Ba6 13. Qb1 Rc8 14. h3 Ne7 15. c4
Kh7 16. a3 Nh5 17. Qd1 Nc6 18. Nd5 b5 19. b3 Nf6 20. Rb1 Nxd5 21. exd5 Ne7 22.
a4 bxa4 23. bxa4 Rb8 24. Qc2 Qc7 25. Bc3 Rxb1 26. Rxb1 Rb8 27. Nd2 Bc8 28. Rxb8
Qxb8 29. Kh2 Bd7 30. a5 f5 31. Qb2 Qxb2 32. Bxb2 Ba4 33. Bf1 Kg8 34. Nb1 a6 35.
Nc3 Bd7 36. Be2 Nc8 37. Nd1 Bf6 38. Kg2 Kf7 39. Kf1 h5 40. h4 Bd8 41. Bc3 Ne7
42. Nb2 Ng8 43. Bd1 1/2-1/2

[Event "?"]
[Site "?"]
[Date "????.??.??"]
[Round "?"]
[White "Fatalibekova, E."]
[Black "Nickl, K."]
[Result "1/2-1/2"]
[WhiteElo "2272"]
[BlackElo "2101"]
[PlyCount "34"]
[EventDate "2013.??.??"]
[WhiteTeam "Rußland Frauen"]
[BlackTeam "Steiermark"]

1. Nf3 Nf6 2. d4 g6 3. c4 Bg7 4. Nc3 d6 5. Bg5 h6 6. Bh4 Nbd7 7. e3 O-O 8. Be2
b6 9. Qc2 Bb7 10. Rd1 c6 11. O-O Qc7 12. h3 Rfe8 13. Bg3 Rad8 14. e4 e5 15. d5
Nh5 16. Bh2 c5 17. Rfe1 Nf4 1/2-1/2

[Event "?"]
[Site "?"]
[Date "????.??.??"]
[Round "?"]
[White "Kratschmer, H."]
[Black "Saunina, L."]
[Result "0-1"]
[WhiteElo "2139"]
[BlackElo "2208"]
[PlyCount "74"]
[EventDate "2013.??.??"]
[WhiteTeam "Steiermark"]
[BlackTeam "Rußland Frauen"]

1. d4 Nf6 2. Nf3 c5 3. d5 b5 4. c4 bxc4 5. Nc3 g6 6. e4 d6 7. Bxc4 Bg7 8. O-O
O-O 9. Bg5 h6 10. Bf4 Nbd7 11. h3 Rb8 12. Qd2 Rb4 13. Bd3 Kh7 14. Rfe1 Qb6 15.
Re2 Ba6 16. Bxa6 Qxa6 17. Rae1 Nh5 18. Bh2 Rfb8 19. Qc1 Ne5 20. Nxe5 Bxe5 21.
Bxe5 dxe5 22. g3 Rd4 23. Qc2 Qc4 24. Rc1 Rb4 25. Kh2 Kg7 26. Re3 Nf6 27. f3 Nd7
28. Kg2 Qa6 29. a3 Rb7 30. Ne2 Ra4 31. Kf2 c4 32. Qc3 Rb3 33. Qd2 Qb6 34. Rc2
Nc5 35. Kg2 Nd3 36. Nc1 Nxc1 37. Qxc1 Qxe3 0-1

[Event "?"]
[Site "?"]
[Date "????.??.??"]
[Round "?"]
[White "Titorenko, N."]
[Black "Pitzl, K."]
[Result "1/2-1/2"]
[WhiteElo "2164"]
[BlackElo "2055"]
[PlyCount "73"]
[EventDate "2013.??.??"]
[WhiteTeam "Rußland Frauen"]
[BlackTeam "Steiermark"]

1. Nf3 Nf6 2. g3 g6 3. Bg2 Bg7 4. O-O O-O 5. c4 d6 6. Nc3 Nbd7 7. Rb1 e5 8. d3
a5 9. a3 Nc5 10. b4 axb4 11. axb4 Ne6 12. h3 c6 13. Bd2 Nh5 14. Kh2 f5 15. Qc1
f4 16. g4 Nf6 17. c5 Nd4 18. Nxd4 exd4 19. Ne4 d5 20. Nxf6+ Qxf6 21. b5 h5 22.
bxc6 bxc6 23. Rb6 hxg4 24. Bxd5+ Kh8 25. Bxc6 Ra2 26. Rh1 Qh4 27. Kg1 g3 28. f3
Bf5 29. Bd5 Ra7 30. Bxf4 g2 31. Kxg2 Re7 32. e4 dxe3 33. Bxe3 Bxd3 34. Re6 Rxf3
35. Bxf3 Rxe6 36. Bg5 Qd4 37. Rd1 1/2-1/2

[Event "?"]
[Site "?"]
[Date "????.??.??"]
[Round "?"]
[White "Hammar, B."]
[Black "Pape, M."]
[Result "1/2-1/2"]
[WhiteElo "2284"]
[BlackElo "2216"]
[PlyCount "43"]
[EventDate "2013.??.??"]
[WhiteTeam "Schweden 1"]
[BlackTeam "Widukind 1"]

1. e4 g6 2. d4 Bg7 3. Nf3 d6 4. Be2 Nf6 5. Nc3 c6 6. a4 O-O 7. O-O Na6 8. h3
Nc7 9. Re1 Nd7 10. Be3 e5 11. dxe5 dxe5 12. Qd2 Ne6 13. Bh6 Qf6 14. Bxg7 Kxg7
15. Rad1 Nf4 16. Qd6 Nxe2+ 17. Rxe2 Qxd6 18. Rxd6 f6 19. Red2 Nc5 20. a5 Na6
21. Na4 Kf7 22. c3 1/2-1/2

[Event "?"]
[Site "?"]
[Date "????.??.??"]
[Round "?"]
[White "Szenetra, W."]
[Black "Wahlbom, M."]
[Result "0-1"]
[WhiteElo "2186"]
[BlackElo "2284"]
[PlyCount "94"]
[EventDate "2013.??.??"]
[WhiteTeam "Widukind 1"]
[BlackTeam "Schweden 1"]

1. Nf3 Nf6 2. d3 d5 3. Nbd2 g6 4. g3 Bg7 5. Bg2 O-O 6. O-O Nc6 7. e4 e5 8. c3
h6 9. Re1 dxe4 10. dxe4 Be6 11. Qe2 Qe7 12. Nc4 Nd7 13. b3 Rfd8 14. a4 Nb6 15.
Nxb6 axb6 16. b4 Bb3 17. b5 Na5 18. Nd2 Bc2 19. Ra2 Bd3 20. Qe3 Qe6 21. Ra1 Nb3
22. Nxb3 Qxb3 23. Ra3 Qc4 24. Rd1 Bf8 25. Ra1 Qxc3 26. Ra2 Rxa4 27. Rad2 Ra1
28. Rxd3 Rxd3 29. Qxd3 Qxd3 30. Rxd3 Rxc1+ 31. Bf1 Bc5 32. Rd2 Bd4 33. Kg2 Kf8
34. Bd3 Rc3 35. Be2 Ke7 36. Ra2 c5 37. Ra7 c4 38. Rxb7+ Kf6 39. Rc7 Bc5 40. f4
Rc2 41. Kf3 g5 42. fxg5+ hxg5 43. h3 Kg6 44. Rc6+ f6 45. Rc7 c3 46. Bc4 Rf2+
47. Kg4 c2 0-1

[Event "?"]
[Site "?"]
[Date "????.??.??"]
[Round "?"]
[White "Grabitz, G."]
[Black "Svensson, L."]
[Result "1/2-1/2"]
[WhiteElo "2067"]
[BlackElo "2114"]
[PlyCount "61"]
[EventDate "2013.??.??"]
[WhiteTeam "Widukind 1"]
[BlackTeam "Schweden 1"]

1. e4 e5 2. Nf3 Nc6 3. d4 exd4 4. Bc4 Nf6 5. e5 d5 6. Bb5 Ne4 7. Nxd4 Bc5 8.
Be3 Bd7 9. Bxc6 bxc6 10. Nd2 Nxd2 11. Qxd2 Be7 12. Nb3 O-O 13. O-O Qe8 14. f4
f6 15. Bd4 fxe5 16. Bxe5 Bd6 17. Rae1 Qh5 18. Qc3 Rf7 19. Nc5 Qf5 20. Nb7 Qg6
21. Nc5 Bf5 22. Rf2 Re8 23. Nd3 Bxd3 24. cxd3 c5 25. Bxd6 Rxe1+ 26. Qxe1 Qxd6
27. g3 Re7 28. Re2 Kf7 29. Kf2 Rxe2+ 30. Qxe2 g6 31. b3 1/2-1/2

[Event "?"]
[Site "?"]
[Date "????.??.??"]
[Round "?"]
[White "Schmidt, G."]
[Black "Jeske, E."]
[Result "1/2-1/2"]
[WhiteElo "2235"]
[BlackElo "2231"]
[PlyCount "41"]
[EventDate "2013.??.??"]
[WhiteTeam "USV TU Dresden"]
[BlackTeam "Deutschland B"]

1. d4 Nf6 2. c4 c6 3. Nf3 d5 4. e3 g6 5. Bd3 Bg7 6. O-O O-O 7. Nbd2 Bg4 8. b4
Nbd7 9. Bb2 dxc4 10. Bxc4 Nd5 11. Qb3 N7b6 12. Bd3 Qd6 13. a3 Rad8 14. Rac1 Qb8
15. Rfe1 Nd7 16. b5 Bxf3 17. Nxf3 Rc8 18. Re2 e6 19. bxc6 Rxc6 20. Rxc6 bxc6
21. Qa4 1/2-1/2

[Event "?"]
[Site "?"]
[Date "????.??.??"]
[Round "?"]
[White "Weidlich, G."]
[Black "Petzold, H."]
[Result "1/2-1/2"]
[WhiteElo "2281"]
[BlackElo "2129"]
[PlyCount "48"]
[EventDate "2013.??.??"]
[WhiteTeam "Deutschland B"]
[BlackTeam "USV TU Dresden"]

1. d4 e6 2. c4 Nf6 3. Nc3 Bb4 4. Qc2 Nc6 5. Nf3 b6 6. Bd2 Bb7 7. e4 d6 8. d5
Bxc3 9. Bxc3 Nb8 10. O-O-O e5 11. g3 Nbd7 12. Nh4 Nc5 13. f3 a5 14. Nf5 g6 15.
Nh4 Qe7 16. b3 Bc8 17. Re1 Nh5 18. Be2 f6 19. Ng2 Bd7 20. f4 Ng7 21. fxe5 fxe5
22. Bd2 O-O 23. Be3 Bh3 24. Reg1 Qd7 1/2-1/2

[Event "?"]
[Site "?"]
[Date "????.??.??"]
[Round "?"]
[White "Kahn, P."]
[Black "Lenk, W."]
[Result "1/2-1/2"]
[WhiteElo "2129"]
[BlackElo "2203"]
[PlyCount "24"]
[EventDate "2013.??.??"]
[WhiteTeam "USV TU Dresden"]
[BlackTeam "Deutschland B"]

1. d4 Nf6 2. Nf3 g6 3. Bg5 Bg7 4. Nbd2 h6 5. Bh4 O-O 6. c3 d6 7. e4 Bg4 8. h3
Bxf3 9. Qxf3 Nc6 10. Bb5 Nd7 11. O-O Qe8 12. Rfe1 e5 1/2-1/2

[Event "?"]
[Site "?"]
[Date "????.??.??"]
[Round "?"]
[White "Knaak, J."]
[Black "Roos, H."]
[Result "1-0"]
[WhiteElo "2197"]
[BlackElo "2022"]
[PlyCount "61"]
[EventDate "2013.??.??"]
[WhiteTeam "Deutschland B"]
[BlackTeam "USV TU Dresden"]

1. d4 Nf6 2. c4 g6 3. Nc3 Bg7 4. e4 d6 5. f3 O-O 6. Be3 a6 7. Qd2 e5 8. d5 Bd7
9. Bd3 Re8 10. Nge2 Qc8 11. h3 b6 12. O-O-O b5 13. c5 dxc5 14. Bxc5 Bf8 15.
Bxf8 Rxf8 16. Qg5 b4 17. Qxf6 bxc3 18. Nxc3 Re8 19. f4 Bb5 20. Nxb5 axb5 21.
Bxb5 c6 22. dxc6 Rxa2 23. Kb1 Ra5 24. Rd7 Rf8 25. Rd5 exf4 26. Rhd1 Qe6 27.
Qxe6 fxe6 28. b4 Rxb5 29. Rxb5 Nxc6 30. Rd6 Rc8 31. Rc5 1-0

[Event "?"]
[Site "?"]
[Date "????.??.??"]
[Round "?"]
[White "Bachmann, K."]
[Black "Gneiss, K."]
[Result "1/2-1/2"]
[WhiteElo "2244"]
[BlackElo "2134"]
[PlyCount "39"]
[EventDate "2013.??.??"]
[WhiteTeam "Sportfreunde Katernberg"]
[BlackTeam "Salzburg"]

1. c4 e5 2. Nc3 Nf6 3. g3 d5 4. cxd5 Nxd5 5. Bg2 Be6 6. Nf3 Nc6 7. O-O Be7 8.
d4 Nxc3 9. bxc3 exd4 10. cxd4 O-O 11. Rb1 Bxa2 12. Rxb7 Bd5 13. Rb1 Qd7 14. Re1
f5 15. Ne5 Nxe5 16. dxe5 Rfd8 17. Qc2 Bxg2 18. Kxg2 a5 19. Bb2 c5 20. e4
1/2-1/2

[Event "?"]
[Site "?"]
[Date "????.??.??"]
[Round "?"]
[White "Detter, P."]
[Black "Rosen, W."]
[Result "0-1"]
[WhiteElo "2086"]
[BlackElo "2290"]
[PlyCount "120"]
[EventDate "2013.??.??"]
[WhiteTeam "Salzburg"]
[BlackTeam "Sportfreunde Katernberg"]

1. d4 Nf6 2. c4 e6 3. g3 d5 4. Bg2 Nbd7 5. Nf3 dxc4 6. Qa4 a6 7. Qxc4 b5 8. Qc2
Bb7 9. Bd2 c5 10. dxc5 Bxc5 11. Nc3 Rc8 12. a3 a5 13. Qb3 b4 14. axb4 axb4 15.
Na4 Bd5 16. Qd1 Be7 17. O-O O-O 18. Nd4 Bxg2 19. Kxg2 Ne5 20. Nf3 Nxf3 21. exf3
Nd5 22. Rc1 Qd7 23. b3 Qb5 24. Re1 Rfd8 25. Qe2 Qxe2 26. Rxe2 Rxc1 27. Bxc1 Rc8
28. Be3 Rc6 29. Bd4 f5 30. f4 Kf7 31. Nb2 Bf6 32. Bxf6 gxf6 33. Nc4 Ra6 34. Rc2
Ra1 35. Nd2 Rd1 36. Rb2 Nc3 37. Nc4 Ke7 38. Ne3 Rd3 39. Nc4 Kd7 40. Rd2 Rxd2
41. Nxd2 Kd6 42. Kf3 Kd5 43. Ke3 e5 44. fxe5 fxe5 45. f3 Nb5 46. Kd3 Nd4 47.
Ke3 Ne6 48. Kd3 h6 49. Ke3 f4+ 50. Kd3 Nc5+ 51. Kc2 Kd4 52. Nc4 e4 53. fxe4 f3
54. Nd2 f2 55. Kd1 Kd3 56. e5 Nxb3 57. Nf1 Nd4 58. g4 b3 59. Kc1 Kc3 60. Kb1
Nb5 0-1

[Event "?"]
[Site "?"]
[Date "????.??.??"]
[Round "?"]
[White "Mueller-Clostermann, B."]
[Black "Koller, H."]
[Result "1-0"]
[WhiteElo "2165"]
[BlackElo "2113"]
[PlyCount "101"]
[EventDate "2013.??.??"]
[WhiteTeam "Sportfreunde Katernberg"]
[BlackTeam "Salzburg"]

1. d4 c5 2. d5 e5 3. e4 d6 4. Nc3 Be7 5. Nf3 a6 6. a4 b6 7. h3 Nf6 8. Be2 O-O
9. O-O Ra7 10. Re1 Nbd7 11. Nd2 Ne8 12. Nc4 Bg5 13. Bg4 Bxc1 14. Qxc1 Rb7 15.
Qd2 Ndf6 16. Bxc8 Qxc8 17. Qg5 h6 18. Qh4 Kh7 19. f4 exf4 20. Qxf4 g5 21. Qf5+
Qxf5 22. exf5 b5 23. axb5 axb5 24. Ne3 Nc7 25. Ng4 Nxg4 26. hxg4 Re8 27. Rxe8
Nxe8 28. Ra6 b4 29. Ne4 Rd7 30. Ra8 Nc7 31. Nf6+ Kg7 32. Nh5+ Kh7 33. Nf6+ Kg7
34. Nh5+ Kh7 35. Ra7 Re7 36. f6 Rd7 37. Ng7 Kg6 38. b3 Kxf6 39. Rxc7 Rxc7 40.
Ne8+ Ke5 41. Nxc7 f5 42. gxf5 Kxf5 43. Kf2 Ke4 44. Ke2 g4 45. Ne8 Ke5 46. Ke3
h5 47. g3 Kxd5 48. Nf6+ Ke5 49. Nxh5 d5 50. Nf4 c4 51. Ke2 1-0